000 00331nam a22001337a 4500
008 210303b ||||| |||| 00| 0 eng d
020 _a0721643825
041 _aeng
080 _a611
100 _a7
101 _aANA
245 _aBasic human Physiology :Normal Function and Mechanisms of Disease
_cGuyton,C.A
942 _2udc
_cBK
999 _c55579
_d55579